La localisation des valeurs caractéristiques des matrices et ses applications

Guardado en:
Detalles Bibliográficos
Autor principal: Parodi, Maurice (auteur)
Formato: Libro
Lenguaje:francés
Publicado: París Gauthier-Villars 1959
Colección:Traité de Physique Théorique ed de Physique Mathématique, 12
Materias:
Etiquetas: Agregar Etiqueta
Sin Etiquetas, Sea el primero en etiquetar este registro!

MARC

LEADER 00000nam a2200000 a 4500
001 UCQ8868
003 CL-VaPUC
008 981217e19590000FR |||||||||||||||||fre|d
082 0 4 |a 512.943  |b PAR  |2 21 
100 |a Parodi, Maurice  |e auteur  |9 423162 
245 1 3 |a La localisation des valeurs caractéristiques des matrices et ses applications 
300 |a 179 p 
942 |c BK 
945 |d 19981217 00:00:00  |a crobeson 
260 |a París  |b Gauthier-Villars  |c 1959 
650 0 |a Matrices   |9 22 
650 0 |a Polinomios  |9 270626 
583 |a last modification  |c 19981217 00:00:00  |k Rodrigo Vera 
490 0 |a Traité de Physique Théorique ed de Physique Mathématique, 12 
999 |c 278038  |d 278036